Éléments de théorie du signal, aspects aléatoires

Guardado en:
Detalles Bibliográficos
Autor principal: Charbit, Maurice
Formato: Libro
Lenguaje:Undetermined
Publicado: Paris Ellipses 1996
Materias:
Etiquetas: Agregar Etiqueta
Sin Etiquetas, Sea el primero en etiquetar este registro!
Thư viện lưu trữ: Trung tâm Học liệu Trường Đại học Cần Thơ
LEADER 00559nam a2200181Ia 4500
001 CTU_232790
008 210402s9999 xx 000 0 und d
082 |a 621.38 
082 |b C469 
100 |a Charbit, Maurice 
245 0 |a Éléments de théorie du signal, aspects aléatoires 
245 0 |c Maurice Charbit 
260 |a Paris 
260 |b Ellipses 
260 |c 1996 
650 |a Lý thuyết tín hiệu (Viễn thông),Signal theory (Telecommunication) 
910 |b dqhieu 
980 |a Trung tâm Học liệu Trường Đại học Cần Thơ